00483nam a2200145Ia 4500008004100000041000800041082001200049100001500061245004200076260003700118300003200155365001200187999001700199952012100216240624s9999 xx 000 0 und d aeng a331 BLY aBLYON PAUL aSAGE HANDBOOK OF INDUSTRIAL RELATIONS c2008aLondonbSage International axvii, : 670 : p. : cm. ; 25 cGBPb38 c22557d22557 00104070aIMTNbIMTNcRack 8-Ad2014-03-24eRWg110.00o331 BLYp22557r2024-06-24 00:00:00t108.9w2024-06-24yBK